| 000 | 01679cam a2200325 4500 | ||
|---|---|---|---|
| 001 | J1988 | ||
| 008 | 090401t1993 xxu||||| |||| 00| 0 eng d | ||
| 035 | _a(Sirsi) u46638 | ||
| 041 | _aeng | ||
| 050 | _a711.1 | ||
| 110 |
_aJournal of Planning and Environment Law _92913 |
||
| 245 | _aPlanning for recovery: papers from a conference held at Oxford, September 1993, organised by the Bar Council, the Law Society and the Royal Institution of Chartered Surveyors. | ||
| 260 |
_aLondon _bSweet & Maxwell _c1993 |
||
| 300 | _aii,118p. : ill. ; 25cm. | ||
| 350 | _a0 | ||
| 490 |
_aJournal of Planning and Environment Law Occasional Paper _v21 |
||
| 520 | _aPAPER: - Urban regeneration/ WALSHE, J. - Vacant urban land: its ownership and value unlocking the potential/ ROYAL INSTITUTION OF CHARTERED SURVEYORS - Transport infrastructure/ BRADSHAW, B. - The enabling council/ EAMES, R. - Commercial viability in planning: a lawyer`s view/ ROBINSON, P. - Commercial viability in planning: a practitioner`s view/ BULLOCK, H. - A retrospect: planning inquiries/ LAYFIELD, F. - A retrospect: some reminiscences on turning points in our planning history/ LICHFIELD, N. - A retrospect: high peaks and watersheds in the continuing saga of land planning control/ HEAP, D. - Review and summary/ ALESBURY, A. | ||
| 650 | _aBAR COUNCIL | ||
| 650 | _aLAW SOCIETY | ||
| 650 | _aPLANNING CONTROL | ||
| 650 | _aPLANNING FOR RECOVERY | ||
| 650 | _aPLANNING INQUIRIES | ||
| 650 | _aRICS | ||
| 650 | _aROYAL INSTITUTION OF CHARTERED SURVEYORS | ||
| 650 | _aURBAN REGENERATION | ||
| 650 | _aVACANT LAND | ||
| 690 | _aPLANNING LAW AND PRACTICE | ||
| 942 | _n0 | ||
| 948 | _c04/03/1997 | ||
| 999 |
_c91964 _d91964 |
||